| 000 | 01395nam a2200277Ia 4500 | ||
|---|---|---|---|
| 999 |
_c40489 _d40489 |
||
| 001 | 7100 | ||
| 003 | GE_BSU | ||
| 005 | 20231106112920.0 | ||
| 008 | 181216s2006||||ge |||||||||||||| ||geo|| | ||
| 010 | _a9994053299 | ||
| 040 | _cGE_BSU | ||
| 041 | _ageo | ||
| 080 | _a821.111-312.4 დ-69 | ||
| 100 |
_aდოილი, ართურ კონან _920282 |
||
| 245 |
_aშერლოკ ჰოლმსის თავგადასავალი : _bმოთხრობები / _cართურ კონან დოილი ; თარგმნ. ელგუჯა მაღრაძისა ; სარედ. ჯგ. თამარ მამაცაშვილი და სხვ ; მხატვ. ზურაბ ნიკოლაიშვილი. |
||
| 260 | _a. | ||
| 264 |
_aთბილისი : _bპალიტრა L, _c?. |
||
| 300 |
_a416 გვ. ; _c20 სმ. |
||
| 541 | _h10ლ. | ||
| 653 | _aმოთხრობები | ||
| 653 | _aშერლოკ ჰოლმსის თავგადასავალი | ||
| 700 |
_aმაღრაძე, ელგუჯა _eმთარგმნელი _920283 |
||
| 700 |
_aმამაცაშვილი, თამარ _eრედაქტორი _920284 |
||
| 700 |
_aნიკოლაიშვილი, ზურაბ _eმხატვარი _910170 |
||
| 942 |
_cBK _2udc |
||